000 00640cam a22002172a 4500
001 005336
003 AR-FADEU
008 311216n1992####xxu####################dd
020 _a0-7923-1689-4
092 _a415.2
_bI82
_eMAESTRIA
245 _aISLAND constraints : theory, acquisition and processing
260 _aDordrecht
260 _bKluwer
260 _c1992
300 _a479 p. : graf
440 _aStudies in theoretical psycholinguistics
_n15
700 _aHelen, Goodluck
650 _a/LINGUISTICA/SINTAXIS; TEORIA DEL MOVIMIENTO; RESTRICCIONES DE ISLA/REVISADO//MAESTRIA/
546 _aInglés
942 _cMAESTRIA
999 _c11158
_d11158